Score 0/30 Timer 03:00
2 Plays Today
Clue 4-Letter Word % Correct
• Pine, fir, or oak, e. g. •• TREE •
98.2%
Without costFREE
97.6%
Birthday dessertCAKE
96.1%
Inland body of waterLAKE
94.8%
Facebook button LIKE
94.4%
LocateFIND
94.1%
Astaire or Flintstone, e. g.FRED
93.2%
• Cell phone message •• TEXT •
92.9%
The 'C' in 'TLC'CARE
92.9%
Circus structureTENT
91.6%
• Avian creature •• BIRD •
91.2%
• African predator with a mane •• LION •
90.9%
QueueLINE
90.7%
Provide sustenanceFEED
89.6%
Not messyNEAT
89.2%
Clue 4-Letter Word % Correct
With 'off', to resist an attackFEND
88.5%
Following, subsequentNEXT
88.3%
Fasten tightlyBIND
88.3%
Dryer by-productLINT
87.7%
Shade of colorTINT
87.4%
Post, credit, or greeting, e. g.CARD
87.2%
• Natural satellite of Earth •• MOON •
86.6%
A stone's throw awayNEAR
86.2%
Quickly brown a steakSEAR
86%
Shakespeare, for oneBARD
85.9%
Bird on Canadian dollar coinLOON
82.8%
• 'Walk of Fame' icon •• STAR •
82.5%
Spider-Man co-creator LeeSTAN
78.6%
Fictional group: 'Priory of ___'SION
62.4%
Former romanization of Xi'an, ChinaSIAN
60.6%

Today's Daily Dose

Remove Ads.
Support Sporcle.
Get the best of Sporcle when you Go Orange. This ad-free experience offers more features, more stats, and more fun while also helping to support Sporcle. Thank you for becoming a member.

You're not logged in!

Compare scores with friends on all Sporcle quizzes.
OR
Log In

Show Comments

Extras

Top Quizzes Today


Score Distribution

Your Account Isn't Verified!

In order to create a playlist on Sporcle, you need to verify the email address you used during registration. Go to your Sporcle Settings to finish the process.

Report this User

Report this user for behavior that violates our Community Guidelines.

Details: